LEADER 01130nam a2200253 4500 001 000000363360 003 CaOOAMICUS 005 20250625115138.0 008 250625s1990 fr 000 u fre r 020 $a2-7073-1343-2 040 $aSeMil$bita 100 1 $aChrétien, Jean-Louis.$0(OLS)http://semarc/name/83007 245 13$aLa voix nue :$bphénoménologie de la promesse /$cJean-Louis Chrétien . 264 1$aParis :$bMinuit,$c1990. 300 $a343 p. ;$c22 cm 490 1 $aPhilosophie 830 0$aPhilosophie.$0(OLS)http://semarc/title/434804 850 $aSeMil 852 $aSeMil$W1$xVenegono$y1$m2P IV 883$j259716$B254217$CSeMilBibl$Z2$F254217 $82 961 $aSequeri mons. Pierangelo - Omaggio 996 $6020$a2-7073-1343-2$9(OLS)http://semarc/number/303498 996 $6245$aLa voix nue :$bphénoménologie de la promesse$9(OLS)http://semarc/title/454548 996 $6264$aParis :$bMinuit$9(OLS)http://semarc/publisher/31943 LEADER 01465nam a2200265 i 4500 001 000000067263 003 CaOOAMICUS 005 20140221000000.0 008 140221s1981 xx u000 u fre u 013 $a38435 040 $aSeMil$bita 100 1 $aDavid, Bernard.$0(OLS)http://semarc/name/33692 245 12$aL'impuissance est-elle un empechement de droit naturel ou positif? :$betude historico-critique de la thèse de Ponce de Leon /$cBernard David. 260 $aRoma :$bUniversità Gregoriana,$ccopyr. 1981. 300 $a201 p. ;$c24 cm. 490 0 $aAnalecta Gregoriana ;$vVol.220. Series Facultatis Iuris Canonici. Sectio B, n.44 490 0 $aAnalecta Gregoriana. Series Facultatis Iuris Canonici. Sectio B ;$v44 500 $aContiene : Bibliographie. 650 4$aImpotenza sessuale - Diritto canonico.$0(OLS)http://semarc/subject/13144 830 0$aAnalecta Gregoriana ;$vVol.220. Series Facultatis Iuris Canonici. Sectio B, n.44.$0(OLS)http://semarc/title/9 830 0$aAnalecta Gregoriana. Series Facultatis Iuris Canonici. Sectio B ;$v44.$0(OLS)http://semarc/title/21674 850 $aSeMil 852 $aSeMil$W1$xVenegono$y1$m2N V 320$j33416$B33416$CSeMilBibl$Z2$F33419 $81 996 $6245$aL'impuissance est-elle un empechement de droit naturel ou positif? :$betude historico-critique de la thèse de Ponce de Leon$9(OLS)http://semarc/title/107178 996 $6260$aRoma :$bUniversità Gregoriana$9(OLS)http://semarc/publisher/31479